000 00673nam a2200229 a 4500
999 _c11927
_d11927
001 11927
003 BD-JhCC
005 20201201130410.0
008 201201b2014 bg |||| ||a| 000 0 ben d
020 _a9789848401897
035 _a(BD-JhCC)11927
040 _aBD-JhCC
_dBD-JhCC
041 _aben
082 _a891.3
_bHAS 2014
100 _aহাসান, রাকিব
245 _aমরুগ্রহের যাত্রী /
_cরাকিব হাসান
260 _aঢাকা:
_bনবরাগ প্রকাশনী;
_c2014.
300 _a112 p. :
_c22 cm.
650 _aBengali Science fiction
942 _2ddc
_cBK
_05